Enfermedades del pericardio / (Record no. 49273)

MARC details
000 -LEADER
campo de control de longitud fija 00630nam a2200193 i 4500
001 - NÚMERO DE CONTROL
campo de control 49273
003 - IDENTIFICADOR DE NÚMERO DE CONTROL
campo de control ES-MaACL
005 - FECHA Y HORA DE LA ÚLTIMA TRANSACCIÓN
campo de control 20230906161921.0
007 - CAMPO FIJO DE DESCRIPCIÓN FÍSICA--INFORMACIÓN GENERAL
campo de control de longitud fija t|
008 - DATOS DE LONGITUD FIJA--INFORMACIÓN GENERAL
campo de control de longitud fija 030711s1973 sp ||||1| spa d
100 1# - ENTRADA PRINCIPAL--NOMBRE DE PERSONA
Nombre de persona Cortés, Félix M.
9 (RLIN) 40848
245 10 - MENCIÓN DEL TÍTULO
Título Enfermedades del pericardio /
Mención de responsabilidad, etc. dirección de Félix M. Cortés ; con una introducción por Thomas M. Durant ; versión A. Jornet Cases.
250 ## - MENCION DE EDICION
Mención de edición [1ª ed.].
260 ## - PUBLICACIÓN, DISTRIBUCIÓN, ETC.
Lugar de publicación, distribución, etc. Barcelona :
Nombre del editor, distribuidor, etc. Toray,
Fecha de publicación, distribución, etc. 1973.
300 ## - DESCRIPCIÓN FÍSICA
Extensión XVI, 271 p. :
Otras características físicas il. ;
Dimensiones 24 cm.
700 1# - ENTRADA AGREGADA--NOMBRE PERSONAL
Nombre de persona Durant, Thomas M.
9 (RLIN) 46271
700 1# - ENTRADA AGREGADA--NOMBRE PERSONAL
Nombre de persona Jornet Cases, A.
9 (RLIN) 66960
852 ## - LOCALIZACIÓN
Ubicación ES-MaACL
Número de control de estantería C-51290
Sublocalización o colección R.85302
Holdings
Estatus retirado Estado de pérdida Estado de daño No para préstamo Biblioteca de origen Biblioteca actual Ubicación en estantería Fecha de adquisición Fuente de adquisición Total de préstamos Signatura topográfica completa Código de barras Visto por última vez Precio de reemplazo Tipo de ítem Koha
        Biblioteca del Ateneo de Madrid Biblioteca del Ateneo de Madrid Depósito 2 17/01/2008     C-51290 1051851 23/02/2023 23/02/2023 Libro impreso